<?xml version="1.0" encoding="UTF-8"?>
<record
    xmlns:xsi="http://www.w3.org/2001/XMLSchema-instance"
    xsi:schemaLocation="http://www.loc.gov/MARC21/slim http://www.loc.gov/standards/marcxml/schema/MARC21slim.xsd"
    xmlns="http://www.loc.gov/MARC21/slim">

  <leader>00711nas a22002297a 4500</leader>
  <datafield tag="999" ind1=" " ind2=" ">
    <subfield code="c">6566</subfield>
    <subfield code="d">6566</subfield>
  </datafield>
  <controlfield tag="003">OSt</controlfield>
  <controlfield tag="005">20181024101818.0</controlfield>
  <controlfield tag="008">130704d19932004sp s|||| |||| 00| 0 spa d</controlfield>
  <datafield tag="040" ind1=" " ind2=" ">
    <subfield code="c">CDMR</subfield>
    <subfield code="b">cat</subfield>
  </datafield>
  <datafield tag="245" ind1="0" ind2="0">
    <subfield code="a">F.A.P.E.</subfield>
  </datafield>
  <datafield tag="246" ind1=" " ind2=" ">
    <subfield code="a">FAPE</subfield>
  </datafield>
  <datafield tag="260" ind1=" " ind2=" ">
    <subfield code="a">Madrid</subfield>
    <subfield code="b">Federaci&#xF3;n de Asociaciones de la Prensa de Espa&#xF1;a</subfield>
    <subfield code="c">1993-2004</subfield>
  </datafield>
  <datafield tag="300" ind1=" " ind2=" ">
    <subfield code="a">58 n&#xFA;m.</subfield>
    <subfield code="c">cm.</subfield>
  </datafield>
  <datafield tag="310" ind1=" " ind2=" ">
    <subfield code="a">Bimestral</subfield>
  </datafield>
  <datafield tag="362" ind1=" " ind2=" ">
    <subfield code="a">N&#xFA;m. 1 (jun. 1993) - n&#xFA;m. 58 (ene./febr. 2004)</subfield>
  </datafield>
  <datafield tag="650" ind1="0" ind2="4">
    <subfield code="9">2742</subfield>
    <subfield code="a">Premsa</subfield>
    <subfield code="z">Espanya</subfield>
    <subfield code="v">Revistes</subfield>
  </datafield>
  <datafield tag="650" ind1="0" ind2="4">
    <subfield code="9">3173</subfield>
    <subfield code="a">Periodisme</subfield>
    <subfield code="z">Espanya</subfield>
    <subfield code="v">Revistes</subfield>
  </datafield>
  <datafield tag="650" ind1="0" ind2="4">
    <subfield code="9">4580</subfield>
    <subfield code="a">Butlletins d'informaci&#xF3;</subfield>
  </datafield>
  <datafield tag="710" ind1="2" ind2=" ">
    <subfield code="9">949</subfield>
    <subfield code="a">Federaci&#xF3;n de Asociaciones de la Prensa de Espa&#xF1;a</subfield>
  </datafield>
  <datafield tag="740" ind1=" " ind2="0">
    <subfield code="a">Periodistas [FAPE]</subfield>
  </datafield>
  <datafield tag="942" ind1=" " ind2=" ">
    <subfield code="2">udc</subfield>
    <subfield code="c">SER</subfield>
  </datafield>
  <datafield tag="952" ind1=" " ind2=" ">
    <subfield code="0">0</subfield>
    <subfield code="1">0</subfield>
    <subfield code="4">0</subfield>
    <subfield code="7">0</subfield>
    <subfield code="a">CDMR</subfield>
    <subfield code="b">CDMR</subfield>
    <subfield code="d">2013-01-16</subfield>
    <subfield code="h">N&#xFA;m. 1 (juny 1993) - n&#xFA;m. 58 (gen./febr. 2004)</subfield>
    <subfield code="l">0</subfield>
    <subfield code="r">2013-07-04</subfield>
    <subfield code="w">2013-07-04</subfield>
    <subfield code="y">SER</subfield>
  </datafield>
</record>
